| 000 | 00684nam a2200205Ia 4500 | ||
|---|---|---|---|
| 003 | GCL | ||
| 008 | 140319s9999 xx 000 0 ara d | ||
| 040 |
_aGCL / _cGCL |
||
| 082 | 0 | 4 |
_aد _b050 _bو ع |
| 245 | 1 | 0 | _aالعربى 576 نوفمبر 2006 ( زنجبار ) |
| 260 |
_aالكويت : _bوزارة الاعلام ، _c2006 |
||
| 650 | 0 | 4 | _aاللغة العربية |
| 650 | 0 | 4 | _aالشعر |
| 650 | 0 | 4 | _aنجيب محفوظ |
| 650 | 0 | 4 | _aالتليفزيون - الرقابة |
| 650 | 0 | 4 | _aالتنوير( الفلسفة ) |
| 650 | 0 | 4 | _aلبنان - تاريخ - العصر الحديث - الحرب الاهلية |
| 650 | 0 | 4 | _aالعولمة - مصر |
| 942 |
_2ddc _cCR |
||
| 999 |
_c9001 _d9001 |
||